000 00783nam a2200241 a 4500
001 000022692
005 20260218080533.0
008 101115s1980 sp r 001 | spa d
020 _a8432120634
040 _aDO-SdBNP
_bspa
_cBNPHU
082 _a320.5322
_bB554o
100 1 _aBesançon, Alain
_946659
240 1 3 _aLes origines intellectualles du léninisme.
_lEspañol
245 1 3 _aLos orígenes intelectuales del leninismo /
_cAlain Besançon.
260 _aMadrid, (España) :
_bEdiciones Rialp,
_c1980.
300 _a481 p. :
_bil. ;
_c18 cm.
534 _aTítulo original :
_tLes origines intellectualles du léninisme
650 4 _aActitudes políticas
_96490
650 4 _aLeninismo
_946660
650 0 _aMarxismo
_95234
650 4 _aComunismo
_92880
049 _aBNGR
999 _c22189
_d22189